000 02200nam a2200361 i 4500
001 196169
003 ES-MaACL
005 20250825062656.0
008 240816s2012 sp |||| |||| 0|1 0bspa|
017 _aDL SS 1173-2012
_bOficina Depósito Legal San Sebastián
020 _a9788461598724
035 _a991060037431706706
040 _aES-BaBC
_bcat
_erda
_cES-BaBC
080 _a929 Chillida, Eduardo
_22004
245 0 0 _aCien palabras para Chillida /
_cedición a cargo de Susanna Chillida.
264 1 _a[Hernani] :
_bFundación Eduardo Chillida-Pilar Belzunce,
_c2012.
300 _a166 pág. :
_bilustraciones ;
_c26 cm +
_e1 folleto.
500 _aEn la cubierta: "Homenaje X aniversario"
504 _aÍndice
520 _aEn este libro se reúnen textos de cien personalidades del mundo de la cultura, la ciencia y el arte, así como de ciudadanos anónimos, en torno a la figura de Eduardo Chillida, con motivo del X aniversario de la desaparición del escultor vasco. Los arquitectos Norman Foster, Rafael Moneo y Álvaro Siza; el escritor John Berger; la psicóloga Elena Ochoa o los artistas Andrés Nagel y Agustín Ibarrola son algunos de quienes han querido “ponerse directamente en contacto” con Chillida para transmitirle sus impresiones y “dibujarle”, según señala Susana Chillida, como a un “hombre vivo”.
546 _aTextos en español, inglés, alemán, francés y euskera, en el folleto anejo viene la traducción de todos los textos al español.
600 1 4 _aChillida, Eduardo,
_d1924-2002
_2lemac
_938518
655 7 _2tgfbne
_aLibros ilustrados
_9193653
700 0 _aChillida, Susana
_938520
_epbl
700 1 _aChillida, Eduardo,
_d1924-2002
_938518
_eill
710 _aFons Joan Guinjoan (Biblioteca de Catalunya)
_5ES-BaBC
_9238418
852 _aES-MaACL
_jN-9240
_gDedicatoria autógrafa de Susana Chillida
_hDonación: Editorial
_xEncuadernación cartoné
_9205202
_cDEPOJ
942 _cMONOGRAFIA
_n0
999 _c196169
_d196169